Cinta Qatrunnada

Bibliographic Details
Main Author: Sarimah Alit (Author)
Format: Book
Language:Malay
Published: Kuala Lumpur : Dewan Bahasa dan Pustaka , c2008
Subjects:

MARC

LEADER 00000cam a2200000 7i4500
001 0000059708
005 20090408093000.0
008 081024s2008 my may
020 |a 9789836297792 
090 0 0 |a PL5192   |b .S27 2008 
100 0 |a Sarimah Alit ,   |e author 
245 1 0 |a Cinta Qatrunnada   |c Sarimah Alit 
260 |a Kuala Lumpur :   |b Dewan Bahasa dan Pustaka ,   |c c2008 
300 |a 864 p. ;   |c 19cm. 
650 0 |a Malay fiction 
650 0 |a Young adult fiction, Malay 
999 |a 1000121834   |b Book   |c OPEN SHELF (30 DAYS)   |e Gong Badak Campus